000
00272nam a2200109Ia 4500
008
201231s9999 xx 000 0 und d
100
_a
Morris, Larry
245
0
_a
New Riders' Guide To E-Mail & Messaging
260
_a
New Delhi
_b
Prentice Hall
300
_a
515
942
_c
BK
999
_c
9864
_d
9864